| 000 | 00398nam a2200169Ia 4500 | ||
|---|---|---|---|
| 008 | 221030s9999 xx 000 0 und d | ||
| 020 | _a8189928667 | ||
| 041 | _aEnglish | ||
| 082 | _a105.23 | ||
| 100 | _aP. K. Mukherjee | ||
| 245 | 0 |
_aElectrical Machines _cby P. K. Mukherjee |
|
| 250 | _a2nd | ||
| 260 |
_bDhanpat Rai Pub. _aNew Delhi _c201 |
||
| 300 | _a1022 | ||
| 650 | _aEE | ||
| 942 | _cBK | ||
| 999 |
_c10188 _d10188 |
||